000 00538nam a2200193Ia 4500
005 20260429112026.0
008 260429s9999||||xx |||||||||||||| ||und||
020 _a9781035321230
041 _aEnglish
082 _a658.4092
_bMUN
100 _aMunoz, J. Mark
245 0 _aDigital leadership :
_bconcepts and cases /
_cJ. Mark Munoz
260 _aUnited Kingdom :
_bEdward Elgar Publishing,
_c2025.
300 _axi, 215 p.; hb
650 _a Executive management
650 _a Leadership
650 _aManagement
942 _cTB
999 _c51955
_d51955